000 00516nam a2200181Ia 4500
008 090124s9999 xx 000 0 und d
082 _b126764
100 _aरावजी आशू / कानडे दिनू
245 _a बहर
250 _a1
260 _c1987
300 _a191
600 _aरावजी आशू / कानडे दिनू
630 _a बहर
700 _aरावजी आशू / कानडे दिनू
730 _a बहर
942 _cBOOK
999 _c172854
_d172854